000 00649nam a2200265Ia 4500
005 20260302115326.0
008 008 260114s9999 xx 000 0 eng d
020 _a9781350391574
037 _aTextbook
040 _aCRL
040 _beng
040 _cCRL
041 _2eng
041 _aeng
084 _qCRL
100 _aJanet Todd
_91121318
245 0 _aAphra Behn
260 _bBloomsbury
260 _bBloomsbury Academic
260 _c1999
650 _aLiterary Studies
856 _uhttps://doi.org/10.5040/9781350391574?locatt=label:secondary_bloomsburyCollections
942 _cEBOOK
999 _c1685793
_d1685793